Normal view
MARC view
Entry Personal Name
001 - CONTROL NUMBER
- control field: 18560
003 - CONTROL NUMBER IDENTIFIER
- control field: dpl
005 - DATE AND TIME OF LATEST TRANSACTION
- control field: 20100906134626.0
008 - FIXED-LENGTH DATA ELEMENTS
- fixed length control field: 100906|||a|||||| | ||| d
040 ## - CATALOGING SOURCE
- Original cataloging agency: dpl
- Transcribing agency: dpl
100 ## - HEADING--PERSONAL NAME
- Personal name: Shailendra
670 ## - SOURCE DATA FOUND
- Source citation: Work cat.: (dpl): 17455 Mangeskar, Lata, Aas ka panchi /
670 ## - SOURCE DATA FOUND
- Source citation: Work cat.: (dpl): 17455 Mangeskar, Lata, Aas ka panchi /
